Noms de pays en japonais (Partie 2) - Statistiques

Statistiques générales
  • Ce quiz a été pris 86 fois
  • Le résultat moyen est 24 sur 30
Statistiques - réponses
Japonais Francais % Correct
アメリカ (Amerika) Etats-Unis
93%
パキスタン (Pakisutan) Pakistan
93%
アンドラ (Andora) Andorre
91%
インドネシア (Indoneshia) Indonésie
91%
ジャマイカ (Jamaika) Jamaïque
91%
パナマ (Panama) Panama
91%
ルーマニア (Rūmania) Roumanie
90%
シンガポール (Shingapōru) Singapour
90%
チリ (Chiri) Chili
89%
エジプト (Ejiputo) Egypte
89%
フィンランド (Finrando) Finlande
89%
モーリタニア (Mōritania) Mauritanie
89%
デンマーク (Denmāku) Danemark
86%
マリ (Mari) Mali
86%
ナミビア (Namibia) Namibie
86%
ザンビア (Zanbia) Zambie
86%
ニカラグア (Nikaragua) Nicaragua
84%
シリア (Shiria) Syrie
84%
オーストラリア (Ōsutoraria) Australie
83%
アゼルバイジャン (Azerubaijan) Azerbaïdjan
80%
ビルマ (Biruma) Birmanie
80%
タイ (Tai) Thaïlande
80%
エリトリア (Eritoria) Erythrée
76%
カタール (Katāru) Qatar
76%
アイルランド (Airurando) Irlande
71%
ニュージーランド (Nyūjīrando) Nouvelle-Zélande
69%
アラブ首長国連邦 (Arabushuchōkokurenpō) Emirats Arabes Unis
63%
ノルウェー (Noruu~ē) Norvège
60%
タンザニア (Tanzania) Tanzania
50%
北朝鮮 (Kitachōsen) Corée du Nord
40%
Aucun quiz correspondant
Distribution des résultats
% des personnes avec chaque résultat
Percentile par nombre de réponses
Votre historique - résultats
Vous n’avez pas pris ce quiz